Retazos clínicos. (Record no. 162727)

MARC details
000 -LEADER
campo de control de longitud fija 00810nam a2200205 i 4500
001 - NÚMERO DE CONTROL
campo de control 162727
003 - IDENTIFICADOR DE NÚMERO DE CONTROL
campo de control ES-MaACL
005 - FECHA Y HORA DE LA ÚLTIMA TRANSACCIÓN
campo de control 20230906212604.0
008 - DATOS DE LONGITUD FIJA--INFORMACIÓN GENERAL
campo de control de longitud fija 990929q18701885sp |||| | spa d
080 ## - NÚMERO DE LA CLASIFICACIÓN DECIMAL UNIVERSAL
Número de la Clasificación Decimal Universal 616.936(461.27)"18"(047)
100 1# - ENTRADA PRINCIPAL--NOMBRE DE PERSONA
Nombre de persona Pulido, Ángel,
Fechas asociadas al nombre 1852-1932
9 (RLIN) 149324
245 10 - MENCIÓN DEL TÍTULO
Título Retazos clínicos.
Número de parte o sección de la obra I,
Nombre de parte o sección de la obra El paludismo en Madrid /
Mención de responsabilidad, etc. por Ángel Pulido.
260 ## - PUBLICACIÓN, DISTRIBUCIÓN, ETC.
Lugar de publicación, distribución, etc. Madrid :
Nombre del editor, distribuidor, etc. [s.n.,
Fecha de publicación, distribución, etc. entre 1870 y 1885] (
Fabricante Imp. Central a cargo de Víctor Saiz)
300 ## - DESCRIPCIÓN FÍSICA
Extensión 90 p. ;
Dimensiones 17 cm.
596 ## - NOTA AL PIE DE IMPRENTA
NOTA AL PIE DE IMPRENTA Imp. ejerce ca. 1869-1887.
650 04 - PUNTO DE ACCESO ADICIONAL DE MATERIA--TÉRMINO DE MATERIA
Término de materia o nombre geográfico como elemento de entrada Paludismo.
9 (RLIN) 15811
852 ## - LOCALIZACIÓN
Ubicación ES-MaACL
Número de control de estantería T-182-F
Nota libre - Enc. hol., conservando cub. original
-- - Enc. en un vol. facticio
Encuadernación -- T500: Es el vol. I.: El paludismo en Madrid (consta en la cub.)
852 ## - LOCALIZACIÓN
Ubicación ES-MaACL
Número de control de estantería T-764-F-6
Holdings
Estatus retirado Estado de pérdida Estado de daño No para préstamo Colección Biblioteca de origen Biblioteca actual Ubicación en estantería Fecha de adquisición Fuente de adquisición Total de préstamos Signatura topográfica completa Código de barras Visto por última vez Precio de reemplazo Tipo de ítem Koha
        Colección de folletos Biblioteca del Ateneo de Madrid Biblioteca del Ateneo de Madrid Depósito folletos 27/01/2009     T-764-F-6 1178556 23/02/2023 23/02/2023 Folleto
        Colección de folletos Biblioteca del Ateneo de Madrid Biblioteca del Ateneo de Madrid Depósito folletos 17/01/2008     T-182-F 1170485 23/02/2023 23/02/2023 Folleto